000 03379cam a2200421 i 4500
003 SA-RiAUC
005 20250322123331.0
008 250321s2015____su g 001 0 ara c
020 _a9786038100851
024 0 _a00000000339029
035 _a276599
040 _aSA-RiIMS
_bara
_cSA-RiAUC
_dKAC
_erda
050 4 _bA93 2015
082 0 4 _a252.48
_qSA-RiAUC
090 _a252.48
_b ع ا ي
100 1 _aالعايضي، عبد الله بن عيسى
_eمؤلف.
245 1 0 _aزكاة الديون المعاصرة :
_bدراسة تأصيلية تطبيقية /
_cتأليف د. عبد الله بن عيسى العايضي.
250 _aالطبعة الأولى.
264 1 _aالرياض :
_bدار الميمان للنشر والتوزيع :
_bبنك البلاد،
_c2015
300 _a278 صفحة ؛
_c24 × 17 سم.
336 _aنص
_btxt
_2rdacontent
_3كتاب
337 _aبدون وسيط
_bn
_2rdamedia
338 _aمجلد
_bnc
_2rdacarrier
490 0 _aسلسلة مطبوعات المجموعة الشرعية ؛
_v(14)
500 _aالأصل أطروحة ماجستير-المعهد العالي للقضاء، 1428 هجري.
500 _aاهداء من بنك البلاد
500 _aكشافات : صفحة 251-258.
504 _aيشتمل علي إرجاعات ببليوجرافية.
504 _aببليوجرافية : صفحة 259-271.
520 _aهذا الكتاب زكاة الدين من المسائل الفقهية المهمة والمتكررة في كتب الفقه، وفي مواضع مختلفة متناثرة، فقد تناول الفقهاء حكم زكاة الدين ولهم فيه آراء مختلفة ومن ثم قامت هذه الدراسة الفقهية على سد ثغرة في المكتبة الإسلامية ببيان أحكام زكاة الدين بتطبيقاته المعاصرة حيث يعرض لآراء الفقهاء المختلفة فيه، ويجمع المتفرق من مسائله ويفصل المجمل منها مع التركيز على المسائل المستجدة فيه لقد ناقش المؤلف عبر القناة التطبيقية التي شقها من خلال هذا البحث مختلف قضايا زكاة الدين معالجا إشكالات المسائل المتعلقة بزكاة الديون مثل تحديد الفرق بين الدين والقرض وطريقة إخراج زكاة الديون المؤجلة وأثر الديون التي في الذمة على زكاة الأموال وزكاة الأعيان المؤجرة إجارة تمويلية وزكاة صكوك الاستثمار التمويلية وزكاة السندات وزكاة مكافأة نهاية الخدمة كما أردف هذه البحوث المهمة بتطبيقات معاصرة على زكاة الديون في الوعاء الزنكوي.
650 7 _aزكاة الديون
_2aucsh
650 7 _aزكاة المال
_2aucsh
856 4 2 _3Book Cover
_qJPEG
_uhttps://library.ithra.com/bc/00000000339029.jpeg
_z<CLICK_TO_VIEW_BOOK_COVER>
856 4 2 _3Table of contents
_qPDF
_uhttps://library.ithra.com/pdf/.pdf
_z<CLICK_TO_ACCESS_TOC>
856 4 2 _3Book Cover
_qJPEG
_uhttps://library.ithra.com/bc/00000000339029.jpeg
_z<CLICK_TO_VIEW_BOOK_COVER>
942 _2ddc
_cBOOK
_n0
949 _aSA-JeALM
_d250321
_umohamedma123
_n1
999 _c6559
_d6559